5HLuxD.jpg

KING HENRY VIII SENIOR AND PRIMARY SCHOOL LIBRARY OPAC

Mr. Strong (Record no. 2306)

000 -LEADER
fixed length control field 00668nam a22002057a 4500
005 - DATE AND TIME OF LATEST TRANSACTION
control field 20230411113443.0
008 - FIXED-LENGTH DATA ELEMENTS--GENERAL INFORMATION
fixed length control field 230411b ||||| |||| 00| 0 eng d
020 ## - INTERNATIONAL STANDARD BOOK NUMBER
International Standard Book Number 9781846462931
040 ## - CATALOGING SOURCE
Transcribing agency KH8
082 ## - DEWEY DECIMAL CLASSIFICATION NUMBER
Classification number 823.914 HAR
100 ## - MAIN ENTRY--PERSONAL NAME
Personal name Hargreaves, Roger
Dates associated with a name 1935-1988.
Relator term Author
245 ## - TITLE STATEMENT
Title Mr. Strong
Statement of responsibility, etc. Roger Hargreaves
260 ## - PUBLICATION, DISTRIBUTION, ETC.
Place of publication, distribution, etc. [Camberwell, Vic.],
Name of publisher, distributor, etc. Penguin Random House,
Date of publication, distribution, etc. 2019
300 ## - PHYSICAL DESCRIPTION
Extent 1 volume (unpaged) :
Other physical details color illustrations ;
Dimensions 13 x 14 cm
440 ## - SERIES STATEMENT/ADDED ENTRY--TITLE
Title Mr Men
650 ## - SUBJECT ADDED ENTRY--TOPICAL TERM
Topical term or geographic name entry element Juvenile works
650 ## - SUBJECT ADDED ENTRY--TOPICAL TERM
Topical term or geographic name entry element Mr. Men (Fictitious characters)
650 ## - SUBJECT ADDED ENTRY--TOPICAL TERM
Topical term or geographic name entry element Mr. Men (Fictitious characters)
Form subdivision Pictorial works
General subdivision Juvenile literature
942 ## - ADDED ENTRY ELEMENTS (KOHA)
Source of classification or shelving scheme
Koha item type Books
Holdings
Withdrawn status Lost status Source of classification or shelving scheme Damaged status Not for loan Collection code Permanent Location Current Location Shelving location Date acquired Total Checkouts Full call number Barcode Date last seen Date last checked out Price effective from Koha item type
          Fiction KH8 Primary School Library KH8 Primary School Library Fiction 2023-04-11 15 823.914 HAR KHPL000004055 2026-02-27 2026-02-03 2023-04-11 Books
          Fiction KH8 Primary School Library KH8 Primary School Library Fiction 2025-02-04 9 823.914 HAR KHPL000005080 2025-12-05 2025-11-25 2025-02-04 Books

Powered By KH8 IT Dept